000 01597cam a2200397 4500
008 040331n2004 000 0 eng u
020 _a1842191896
035 _a(Sirsi) u125699
041 _aeng
050 _a346.410432
_c18
100 _aAnstey, John
245 _aAnstey's boundary disputes and how to resolve them
250 _a3rd ed.
260 _aLondon
_bRICS
_c2004
300 _axi, 120p.
_c21cm.
350 _a22.50
505 _aDeed plans and the Land Registry
505 _aGeneral and determined boundaries
505 _aGarden fences, hedges and ditches
505 _aParty walls
505 _aAttached and L-shaped houses
505 _aNew housing estates
505 _aOverhanging and underpinning
505 _aBoundaries in streets
505 _aHorizontal boundaries
505 _aAdverse possession
505 _aExperts' reports
505 _aGiving evidence in court
520 _aAimed at both surveyors and property owners, the third edition of this straightforward guide explains how to discover where boundaries are and what to do about them. The book addresses a number of difficult boundary disputes and provides useful tips on how to resolve them. Two new chapters are included in this updated edition: boundaries in housing estates and aerial photography.
520 _aSupersedes second edition (ISBN 0854068589). Superseded by fourth edition (ISBN 9781842194546).
650 _aBoundary disputes
_96221
650 _aBoundary disputes
_96221
690 _aBoundary disputes
_96221
700 _aPowell, David
942 _n0
999 _c103453
_d103453